Znane osoby - Przyczyna śmierci #2 - Statystyki

Ogólne statystyki
  • Ten quiz został rozwiązany 49 razy
  • Średni wynik to 8 z 15
Statystyki odpowiedzi
Zagadnienie Odpowiedź % Poprawnych
Krzysztof Krawczyk - Muzyk, piosenkarz (2021) Połączenie licznych chorób współistniejących z zakażeniem wirusem COVID-19.
95%
Janusz Korczak - Polski pedagog, pisarz, lekarz żydowskiego pochodzenia (1942) Śmierć w obozie w Treblince.
83%
Abraham Lincoln - Amerykański prezydent (1865) Zastrzelony z rąk zamachowca.
80%
Gajusz Juliusz Cezar - Rzymski dyktator, polityk (44 p.n.e) Zasztyletowany przez grupę rzymskich senatorów.
80%
Amelia Earhart - Amerykańska pilot, dziennikarka (1937) Zaginięcie w czasie przelotu na Oceanem Spokojnym.
73%
Timothy Treadwell – Amerykański entuzjasta niedźwiedzi, postać TV (2003) Zabity i częściowo pożarty przez niedźwiedzia grizzly.
70%
Robin Williams - Aktor, komik (2014) Samobójcza śmierć przez powieszenie.
63%
Saddam Husajn - Iracki dyktator (2006) Skazany na śmierć przez powieszenie.
53%
Clifford Lee Burton - Basista zespołu Metallica (1986) Zgnieciony autobusem w wypadku autobusu którym podróżował zespół.
50%
John Belushi - Aktor, komik (1982) Przedawkowanie heroiny i kokainy.
40%
Jurij Szatunow - Rosyjski piosenkarz (2022) Silna niewydolność serca (zawał serca).
40%
Tim "Avicii" Berling - DJ (2018) Samobójcza śmierć poprzez samookaleczenie szklaną butelką.
33%
Jason William Mizell (Jam Master Jay) - Amrykański DJ, członek RUN-D.M.C. (2002) Zastrzelony w swoim studiu nagraniowym.
33%
Dolores Mary Eileen O'Riordan - Wokalistka zespołu Cranbberies (2018) Przypadkowe utonięcie w wannie.
23%
Darrell Lance Abbott (Dimebag Darrell) - Gitarzysta zespołu Pantera (2004) Zastrzelony na scenie w czasie koncertu.
23%
Nie znaleziono quizów pasujących do podanych kryteriów
Rozkład punktacji
Procent ludzi z każdym wynikiem
Percentyl według liczby udzielonych odpowiedzi
Twoja historia wyników
Nie rozwiązałeś tego quizu